000 00635nam a2200217 a 4500
001 11967
003 BD-RjUL
005 20211208235219.0
008 170514s1963 nyuab b 001 0 eng d
035 _a(BD-RjUL)12016
040 _aDLC
_cDLC
_dDLC
_dBD-RjUL
_beng
041 _aeng
082 0 0 _a577.6
_bMAF 1966
_223
100 1 _aMacan, T. T.
_q(Thomas Townley)
_937096
245 1 0 _aFreshwater ecology /
_cT. T. Macan
260 _aNew York :
_bWiley ,
_cc1963 [Impression 1966]
300 _ax, 338 p. :
_bill. ;
_c22 cm.
504 _aBibliography: p. 286-322. and index.
650 0 _aFreshwater ecology.
_937097
942 _2ddc
_cBK
999 _c11967
_d11967